00339nam a22001217a 4500008004100000020001800041082001200059100002300071245003100094250001400125260004500139650003300184200318b ||||| |||| 00| 0 eng d a9788123923307 a611 GAH aGarg, Krishna (ed) aChaurasia's Human Anatomy  a8thb2019 aNew DelhibCBS Publishers & Distributors aHuman Anatomy and Physiology